000 00304nam a22001457a 4500
008 210304b ||||| |||| 00| 0 eng d
020 _a9781118510421
041 _aeng
080 _a004
082 _a004
100 _a28
101 _aSHKI
245 _aPower Point 2013
_cWood, W
942 _2udc
_cBK
999 _c55709
_d55709